All 1M+ cities in Central Africa (with a map) - Statistics

General Stats
  • This quiz has been taken 265 times
  • The average score is 9 of 13
Answers on the Map
Answers color-coded by a green-red scale on the quiz's map according to % correct below.
 
Answer Stats
Country Population City % Correct
Angola 8.70 mil Luanda
96%
Rep. of Congo 2.42 mil Brazzaville
95%
D.R. Congo 14.50 mil Kinshasa
95%
Cameroon 3.65 mil Yaoundé
93%
Chad 1.68 mil Ndjamena
87%
Central AfricanRepublic 1.26 mil Bangui
85%
Cameroon 3.57 mil Douala
84%
D.R. Congo 2.55 mil Lubumbashi
67%
Rep. of Congo 1.27 mil Pointe-Noire
62%
D.R. Congo 2.25 mil Mbuji-mayi
49%
D.R. Congo 1.18 mil Kisangani
47%
Angola 1.32 mil Benguela
44%
D.R. Congo 1.25 mil Kananga
40%
No matching quizzes found
Score Distribution
Percent of People with Each Score
Percentile by Number Answered
Your Score History
You have not taken this quiz